000 00319nam a22001457a 4500
005 20251119123811.0
082 _a620.3 RAJ
100 _aRajaneesh R Chandran
_91025
245 _aEngineering Mechanics
250 _a1
260 _aOwl Books
_bTrivandrun
_c2025
546 _aEnglish
650 _aME
_970
942 _cBK
999 _c38024
_d38024